[Event "Wijk aan Zee II"]
[Site "Wijk aan Zee II"]
[Date "1998.??.??"]
[Round "7"]
[White "Cherniaev, Alexander"]
[Black "Kuijf, Marinus"]
[Result "0-1"]
[WhiteElo "2465"]
[BlackElo "2460"]
[PlyCount "82"]

1. e4 e6 2. d3 d5 3. Qe2 Nf6 4. Nf3 dxe4 5. dxe4 b6 6. e5 Nd5 7. c4 Nb4 8. a3
N4c6 9. b4 Bb7 10. Bb2 a5 11. b5 Ne7 12. Nc3 Nd7 13. Rd1 Ng6 14. Ne4 Qc8 15. h4
Nc5 16. Nxc5 Bxc5 17. g3 Ne7 18. Bg2 O-O 19. O-O Nf5 20. g4 Ng3 21. Qd2 Nxf1
22. Rxf1 Qd8 23. Qf4 Qe7 24. Ng5 Bxg2 25. Kxg2 Bxa3 26. Qe4 g6 27. Bxa3 Qxa3
28. Qf4 Rad8 29. h5 Qd3 30. Re1 h6 31. Ne4 g5 32. Qf6 Rd4 33. f3 Rxe4 34. Rxe4
Kh7 35. Qe7 Qd8 36. Qa3 Qd2+ 37. Kg3 Rd8 38. Qe7 Rd7 39. Qf8 Qc1 40. Qe8 Qg1+
41. Kh3 Qh1+ 0-1

[Event "Wijk aan Zee II"]
[Site "Wijk aan Zee II"]
[Date "1998.??.??"]
[Round "7"]
[White "Kasimdzhanov, Rustam"]
[Black "Shaked, Tal"]
[Result "1/2-1/2"]
[WhiteElo "2565"]
[BlackElo "2535"]
[PlyCount "179"]

1. g3 g6 2. Bg2 Bg7 3. d4 Nf6 4. e4 d6 5. Ne2 O-O 6. O-O e5 7. Nbc3 Nbd7 8. h3
c6 9. a4 a5 10. Be3 exd4 11. Bxd4 Re8 12. g4 h6 13. Ng3 Nc5 14. e5 Nh7 15. exd6
Qxd6 16. Bxg7 Qxd1 17. Raxd1 Kxg7 18. Nge4 Nxe4 19. Nxe4 Nf6 20. Nd6 Re7 21.
Rfe1 Kf8 22. f4 h5 23. g5 Nd5 24. Bxd5 cxd5 25. Rxe7 Kxe7 26. Rxd5 Bxh3 27.
Nxb7 Rb8 28. Nxa5 Rxb2 29. Nc6+ Kf8 30. Nd4 Kg7 31. a5 Ra2 32. Kf2 h4 33. Kg1
Bc8 34. Rc5 Ra1+ 35. Kh2 Bb7 36. Kh3 Rh1+ 37. Kg4 f5+ 38. gxf6+ Kxf6 39. a6 Bg2
40. Ra5 h3 41. Kg3 Rd1 42. Ra4 g5 43. fxg5+ Kxg5 44. a7 Rg1 45. Ne2 Re1 46. Nf4
Re3+ 47. Kh2 Ba8 48. Nxh3+ Kf6 49. Nf4 Rc3 50. Ra2 Ke5 51. Nd3+ Kd6 52. Kg3 Kc7
53. Kf4 Kb6 54. Ne5 Rc7 55. c4 Kc5 56. Kf5 Rh7 57. Ra4 Rh5+ 58. Ke6 Rh6+ 59.
Kd7 Rh7+ 60. Kc8 Kd6 61. Ng6 Bc6 62. a8=Q Bxa8 63. Rxa8 Rc7+ 64. Kd8 Rxc4 65.
Ne7 Ke6 66. Ra6+ Ke5 67. Nc6+ Ke4 68. Kd7 Rc1 69. Kd6 Rd1+ 70. Ke6 Rh1 71. Ra4+
Ke3 72. Ne5 Rh8 73. Nc4+ Kd4 74. Nd6+ Kd3 75. Ke5 Rh5+ 76. Nf5 Rg5 77. Rh4 Rg8
78. Rh3+ Kd2 79. Nd6 Rd8 80. Nc4+ Kc2 81. Ke4 Re8+ 82. Ne5 Re7 83. Kd4 Re8 84.
Rc3+ Kd2 85. Nc4+ Ke2 86. Rc2+ Kf3 87. Ne5+ Kf4 88. Rf2+ Kg3 89. Rf7 Ra8 90.
Ke4 1/2-1/2

[Event "Wijk aan Zee II"]
[Site "Wijk aan Zee II"]
[Date "1998.??.??"]
[Round "7"]
[White "Reinderman, Dimitri"]
[Black "Van den Doel, Erik"]
[Result "1-0"]
[WhiteElo "2480"]
[BlackElo "2485"]
[PlyCount "65"]

1. c4 g6 2. e4 Bg7 3. d4 d6 4. Ne2 Nf6 5. f3 O-O 6. Bg5 a6 7. Nbc3 Nbd7 8. Qd2
c6 9. d5 Re8 10. Ng3 Ne5 11. Be2 b5 12. cxb5 axb5 13. dxc6 b4 14. Nd5 Nxc6 15.
Bxf6 Bxf6 16. Bb5 Bd7 17. Bxc6 Bxc6 18. Nxf6+ exf6 19. O-O Qb6+ 20. Qf2 Qb7 21.
Rfd1 d5 22. exd5 Bxd5 23. Qd4 f5 24. b3 Ra5 25. Rd2 Rea8 26. Rad1 Be6 27. Qf6
Rd5 28. Rxd5 Bxd5 29. h4 h5 30. Ne2 Rxa2 31. Nf4 Qa7+ 32. Kh1 Bxb3 33. Rd8+ 1-0

[Event "Wijk aan Zee II"]
[Site "Wijk aan Zee II"]
[Date "1998.??.??"]
[Round "8"]
[White "Bosboom, Manuel"]
[Black "Kasimdzhanov, Rustam"]
[Result "0-1"]
[WhiteElo "2450"]
[BlackElo "2565"]
[PlyCount "128"]

1. d4 Nf6 2. c4 e6 3. Nf3 Bb4+ 4. Bd2 Qe7 5. g3 Nc6 6. Bg2 Bxd2+ 7. Nbxd2 d6 8.
O-O a5 9. Nb1 O-O 10. Nc3 Bd7 11. Rc1 Rac8 12. Qd2 Nb4 13. a3 Na6 14. Ne1 Rb8
15. Nd3 e5 16. e3 c6 17. Na4 Bf5 18. Rfd1 e4 19. Nf4 Bg4 20. Re1 g5 21. Nh3 h6
22. Kh1 b6 23. Nc3 Nc7 24. Ng1 Rfe8 25. f3 exf3 26. Nxf3 b5 27. cxb5 Nxb5 28.
Nd1 Ne4 29. Qd3 c5 30. Kg1 Qf6 31. Rf1 Qg7 32. a4 Nc7 33. Nd2 Nxd2 34. Qxd2 Ne6
35. Nf2 Bf5 36. d5 Rxb2 37. Qxa5 Nf8 38. e4 Bd7 39. Qc7 Qe5 40. Kh1 Rc8 41. Qa5
Qd4 42. Qe1 Ng6 43. e5 Nxe5 44. Rd1 Qc4 45. Ne4 Re2 46. Nxd6 Rxe1 47. Rfxe1
Qxa4 48. Nxc8 Bxc8 49. Ra1 Qd4 50. Ra8 Nd3 51. Rxc8+ Kg7 52. Rf1 Nf2+ 53. Rxf2
Qxf2 54. h3 Qxg3 55. Rxc5 Qe1+ 56. Kh2 Qe5+ 57. Kh1 h5 58. Rc4 f5 59. Rc6 Qe1+
60. Kh2 f4 61. d6 Qg3+ 62. Kh1 f3 63. Bf1 Qf2 64. Rc1 g4 0-1

[Event "Wijk aan Zee II"]
[Site "Wijk aan Zee II"]
[Date "1998.??.??"]
[Round "8"]
[White "Kobalia, Mikhail"]
[Black "Alterman, Boris"]
[Result "1-0"]
[WhiteElo "2500"]
[BlackElo "2615"]
[PlyCount "113"]

1. e4 c5 2. Nf3 d6 3. d4 cxd4 4. Nxd4 Nf6 5. Nc3 g6 6. Be3 Bg7 7. f3 Nc6 8. Qd2
O-O 9. O-O-O d5 10. exd5 Nxd5 11. Nxc6 bxc6 12. Bd4 e5 13. Bc5 Re8 14. Ne4 f5
15. Nd6 Bf8 16. Bb5 Bd7 17. c4 Bxd6 18. Bxd6 Nb6 19. Ba6 Bc8 20. Bxc8 Nxc4 21.
Qb4 Nxd6 22. Bb7 c5 23. Qb3+ c4 24. Qe3 Rb8 25. Bc6 Rf8 26. Qxe5 Qf6 27. Rhe1
Ne4 28. Bd5+ Kg7 29. Qxf6+ Nxf6 30. Re7+ Kh6 31. Bxc4 Rfc8 32. b3 a5 33. Ra7
Rc5 34. Rd6 Nh5 35. Rdd7 Nf6 36. Rd6 Nh5 37. Rdd7 Nf6 38. Rf7 Rb6 39. Rac7 Re5
40. Rfe7 Rxe7 41. Rxe7 a4 42. Re6 Rxe6 43. Bxe6 axb3 44. a4 Ne8 45. Bxb3 Kg5
46. Kd2 Kf4 47. Kd3 Ke5 48. Kc4 Kd6 49. Kb5 Nc7+ 50. Kb6 g5 51. g3 h5 52. a5 h4
53. gxh4 gxh4 54. h3 Na8+ 55. Kb7 Nc7 56. Bc4 Kd7 57. Bd3 1-0

[Event "Wijk aan Zee II"]
[Site "Wijk aan Zee II"]
[Date "1998.??.??"]
[Round "8"]
[White "Kuijf, Marinus"]
[Black "Blees, Albert"]
[Result "1-0"]
[WhiteElo "2460"]
[BlackElo "2445"]
[PlyCount "65"]

1. e4 c5 2. Nf3 b6 3. d4 cxd4 4. Nxd4 Bb7 5. Nc3 a6 6. g3 e6 7. Bg2 Bb4 8. Nde2
Nc6 9. O-O Nf6 10. Bf4 O-O 11. e5 Ne8 12. Ne4 Ra7 13. N2c3 Ne7 14. Na4 Nd5 15.
Bg5 Qc7 16. c4 Qxc4 17. a3 Bc5 18. Nexc5 bxc5 19. Rc1 Qd4 20. Qxd4 cxd4 21.
Bxd5 Bxd5 22. Be7 f6 23. Bxf8 Kxf8 24. f4 a5 25. Rfd1 g5 26. Rxd4 gxf4 27. Rxf4
Kg7 28. exf6+ Nxf6 29. Rcf1 Ne4 30. Nc3 Nxc3 31. Rg4+ Kh6 32. bxc3 Rb7 33. h4
1-0

[Event "Wijk aan Zee II"]
[Site "Wijk aan Zee II"]
[Date "1998.??.??"]
[Round "8"]
[White "Shaked, Tal"]
[Black "Cherniaev, Alexander"]
[Result "1-0"]
[WhiteElo "2535"]
[BlackElo "2465"]
[PlyCount "84"]

1. d4 Nf6 2. c4 c5 3. d5 g6 4. Nc3 d6 5. e4 Bg7 6. Bd3 O-O 7. Nge2 e6 8. h3
exd5 9. exd5 Ne8 10. O-O Nd7 11. f4 f5 12. Be3 Ndf6 13. Qd2 Bd7 14. Kh1 a6 15.
a4 Nc7 16. a5 Rb8 17. Ra3 b5 18. axb6 Rxb6 19. b3 Qe7 20. Bc2 Nh5 21. Raa1 Ra8
22. Rae1 a5 23. Bf2 Qf8 24. Rg1 Nf6 25. Bh4 Na6 26. Ref1 Nb4 27. Bb1 h5 28. Na4
Bxa4 29. bxa4 Na6 30. Nc3 Rb4 31. Qd3 Rb3 32. Qc2 Rab8 33. Nb5 Re3 34. Qd2 Ree8
35. Re1 Ne4 36. Qxa5 Ra8 37. Qb6 Nb4 38. Bxe4 Ra6 39. Qb7 fxe4 40. Qd7 Nd3 41.
Nc7 Nxe1 42. Nxe8 Nd3 1-0

[Event "Wijk aan Zee II"]
[Site "Wijk aan Zee II"]
[Date "1998.??.??"]
[Round "8"]
[White "Van der Wiel, John"]
[Black "Reinderman, Dimitri"]
[Result "0-1"]
[WhiteElo "2525"]
[BlackElo "2480"]
[PlyCount "64"]

1. e4 d5 2. exd5 Qxd5 3. d4 e5 4. Nf3 Nc6 5. Nc3 Bb4 6. Bd2 Bxc3 7. Bxc3 e4 8.
Nd2 Nf6 9. Nc4 Be6 10. Qd2 O-O 11. b3 Rfd8 12. O-O-O Qh5 13. Be2 Qg6 14. Ne3 a5
15. f4 Nd5 16. Nxd5 Bxd5 17. Qe3 a4 18. Bb2 axb3 19. axb3 Nb4 20. c4 Ra2 21.
cxd5 Rda8 22. f5 Qxf5 23. Rhf1 Qg6 24. Bc4 Ra1+ 25. Bxa1 Rxa1+ 26. Kb2 Ra2+ 27.
Kc1 Rc2+ 28. Kb1 Qxg2 29. Be2 Rxe2 30. Qc3 Rc2 31. Qa1 Ra2 32. Qc3 Ra1+ 0-1

[Event "Wijk aan Zee II"]
[Site "Wijk aan Zee II"]
[Date "1998.??.??"]
[Round "9"]
[White "Alterman, Boris"]
[Black "Kuijf, Marinus"]
[Result "1-0"]
[WhiteElo "2615"]
[BlackElo "2460"]
[PlyCount "97"]

1. d4 d5 2. c4 c6 3. Nc3 e6 4. e3 Nd7 5. Nf3 Ngf6 6. Bd3 dxc4 7. Bxc4 b5 8. Bd3
a6 9. e4 c5 10. d5 c4 11. Bc2 e5 12. O-O Bd6 13. b3 cxb3 14. axb3 Rb8 15. Ne2
O-O 16. Ng3 Nc5 17. b4 Na4 18. Bxa4 bxa4 19. Rxa4 Bd7 20. Ra1 Bb5 21. Re1 Bxb4
22. Bd2 Bc5 23. Nxe5 Re8 24. Ng4 h5 25. Nxf6+ Qxf6 26. Be3 Bxe3 27. Rxe3 g6 28.
h3 Rbd8 29. Rb1 Rb8 30. Qe1 Qe5 31. h4 Rbc8 32. Nf1 Rc2 33. Nh2 Qd6 34. Nf3 Qc5
35. Qb4 Qa7 36. e5 Qd7 37. Qb3 Qf5 38. Rbe1 Rd8 39. e6 fxe6 40. dxe6 Bc4 41. e7
Re8 42. Qa4 Bb5 43. Qa1 Qf7 44. Re6 Rc6 45. Ng5 Rxe6 46. Rxe6 Qf5 47. Rf6 Qc2
48. Rf8+ Rxf8 49. Qh8+ 1-0

[Event "Wijk aan Zee II"]
[Site "Wijk aan Zee II"]
[Date "1998.??.??"]
[Round "9"]
[White "Blees, Albert"]
[Black "Shaked, Tal"]
[Result "0-1"]
[WhiteElo "2445"]
[BlackElo "2535"]
[PlyCount "76"]

1. e4 e6 2. d4 d5 3. Nd2 Nf6 4. e5 Nfd7 5. c3 c5 6. Bd3 Nc6 7. Ngf3 g6 8. h4
Qb6 9. h5 g5 10. Nxg5 cxd4 11. cxd4 Nxd4 12. Ndf3 Nxf3+ 13. Nxf3 Nc5 14. Bc2
Qb4+ 15. Kf1 Be7 16. Nd4 Bd7 17. a3 Qc4+ 18. Kg1 Ne4 19. Be3 Qc7 20. Nf3 Bc5
21. Bxc5 Qxc5 22. Nd4 Qc7 23. f3 Ng3 24. Rh4 Qxe5 25. Qd2 Qf6 26. Rg4 Nxh5 27.
Qb4 Nf4 28. Re1 h5 29. Rg3 Rc8 30. Ba4 Bxa4 31. Qxa4+ Kf8 32. Qxa7 Rg8 33.
Rxg8+ Kxg8 34. g3 Nd3 35. Rf1 Qg5 36. Ne2 Rc2 37. f4 Qg4 38. Qe3 Qxe2 0-1

[Event "Wijk aan Zee II"]
[Site "Wijk aan Zee II"]
[Date "1998.??.??"]
[Round "9"]
[White "Cherniaev, Alexander"]
[Black "Bosboom, Manuel"]
[Result "0-1"]
[WhiteElo "2465"]
[BlackElo "2450"]
[PlyCount "74"]

1. e4 c5 2. c3 e6 3. d4 d5 4. exd5 exd5 5. Nf3 Nc6 6. Be3 cxd4 7. Nxd4 Bd6 8.
Nd2 Nf6 9. Be2 O-O 10. O-O Re8 11. N2b3 Bb8 12. Re1 Ne4 13. Bf1 Qd6 14. g3 Qg6
15. Bg2 Ne5 16. Bf4 Bd7 17. f3 Nf2 18. Qd2 Nfd3 19. Red1 Nxf4 20. Qxf4 Ng4 21.
Qd2 Nxh2 22. Nc5 Bxg3 23. Nxd7 Re7 24. Nc5 Rae8 25. Qd3 Qb6 26. b4 g6 27. Qd2
Re3 28. Kh1 Qf6 29. Kg1 Qh4 30. Ne4 R8xe4 31. fxe4 Ng4 32. Nf3 Bf2+ 33. Kf1 Qg3
34. Qxd5 Rxf3 35. Qd8+ Kg7 36. Bxf3 Qxf3 37. Rd3 Nh2# 0-1

[Event "Wijk aan Zee II"]
[Site "Wijk aan Zee II"]
[Date "1998.??.??"]
[Round "10"]
[White "Kobalia, Mikhail"]
[Black "Kuijf, Marinus"]
[Result "1-0"]
[WhiteElo "2500"]
[BlackElo "2460"]
[PlyCount "57"]

1. d4 d5 2. c4 e6 3. Nf3 c6 4. e3 Nd7 5. Bd3 dxc4 6. Bxc4 b5 7. Bd3 a6 8. Qc2
c5 9. Bxh7 Ngf6 10. Bd3 Bb7 11. Qe2 Rc8 12. e4 cxd4 13. Bg5 Be7 14. Nbd2 Nh5
15. Bxe7 Qxe7 16. g3 Nc5 17. O-O e5 18. Rac1 Rd8 19. Bxb5+ Kf8 20. Bc4 Rh6 21.
Bd5 Bxd5 22. exd5 e4 23. Nxd4 Rxd5 24. N2b3 Nb7 25. Rc8+ Nd8 26. Rfc1 Qd7 27.
Qxe4 Nf6 28. Qf3 Ng4 29. Rxd8+ 1-0

[Event "Wijk aan Zee II"]
[Site "Wijk aan Zee II"]
[Date "1998.??.??"]
[Round "10"]
[White "Reinderman, Dimitri"]
[Black "Xie, Jun"]
[Result "1-0"]
[WhiteElo "2480"]
[BlackElo "2485"]
[PlyCount "83"]

1. c4 Nf6 2. Nc3 g6 3. e4 d6 4. d4 Bg7 5. Bd3 O-O 6. Nge2 Nc6 7. O-O Nd7 8. Be3
e5 9. d5 Nd4 10. Bc2 Nxc2 11. Qxc2 Kh8 12. h3 a6 13. Rac1 Qe7 14. Ng3 h5 15.
Qd2 Rg8 16. b4 Nf8 17. c5 Bd7 18. Qc2 h4 19. Nge2 g5 20. c6 bxc6 21. dxc6 Be6
22. Nd5 Qd8 23. Qd2 Bh6 24. f3 Ng6 25. Nec3 Nf4 26. a4 Rb8 27. b5 axb5 28. axb5
Bxd5 29. exd5 f5 30. Bxf4 exf4 31. Rfe1 g4 32. Re6 Qg5 33. hxg4 fxg4 34. Ne4
Qg7 35. fxg4 Rxb5 36. Re1 Rbb8 37. Nf6 f3 38. Qf2 Rgf8 39. Nh5 Qg5 40. gxf3 Kg8
41. Qc2 Kh8 42. Re7 1-0

[Event "Wijk aan Zee II"]
[Site "Wijk aan Zee II"]
[Date "1998.??.??"]
[Round "10"]
[White "Van den Doel, Erik"]
[Black "Cherniaev, Alexander"]
[Result "1-0"]
[WhiteElo "2485"]
[BlackElo "2465"]
[PlyCount "73"]

1. e4 c5 2. Nf3 Nc6 3. Bb5 e6 4. O-O Nge7 5. c3 a6 6. Ba4 b5 7. Bc2 Bb7 8. Re1
Rc8 9. a4 b4 10. d3 d5 11. Nbd2 Na5 12. cxb4 cxb4 13. e5 d4 14. Ne4 Nf5 15. Bg5
Be7 16. g4 Bxe4 17. Rxe4 Bxg5 18. gxf5 exf5 19. Rxd4 Qe7 20. Rd6 Bf4 21. d4 g6
22. Rxa6 Nc4 23. Bb3 Qb7 24. Rf6 O-O 25. Bxc4 Rxc4 26. Qe2 Kg7 27. Qxc4 Qxf3
28. Qc6 Qh5 29. Qg2 Rc8 30. Rxf7+ Kh6 31. e6 Rc2 32. e7 Re2 33. a5 Bd6 34. a6
Re4 35. e8=Q Rxe8 36. a7 Re4 37. h3 1-0

[Event "Wijk aan Zee II"]
[Site "Wijk aan Zee II"]
[Date "1998.??.??"]
[Round "11"]
[White "Alterman, Boris"]
[Black "Bosboom, Manuel"]
[Result "1-0"]
[WhiteElo "2615"]
[BlackElo "2450"]
[PlyCount "95"]

1. d4 Nf6 2. c4 g6 3. Nc3 Bg7 4. e4 d6 5. Be2 O-O 6. Bg5 Na6 7. f4 Qe8 8. Nf3
e5 9. fxe5 dxe5 10. d5 Nh5 11. Qd2 Nf4 12. Bxf4 exf4 13. Qxf4 Nc5 14. e5 Nd7
15. O-O Nxe5 16. Rae1 Qe7 17. Kh1 Nxf3 18. Bxf3 Qd6 19. Qxd6 cxd6 20. Nb5 Bxb2
21. Nxd6 Ba3 22. Nb5 Bc5 23. d6 a6 24. Nc7 Rb8 25. Rd1 Rd8 26. Rd5 b6 27. Rfd1
Bb7 28. R5d3 Bxf3 29. gxf3 Rd7 30. Nxa6 Ra8 31. Nxc5 bxc5 32. Rd5 Ra6 33. R1d2
Kg7 34. Kg2 Kf6 35. f4 Ke6 36. Kf3 Rdxd6 37. f5+ Ke7 38. Rxd6 Rxd6 39. Rxd6
Kxd6 40. f6 h6 41. a4 Kc6 42. a5 Kb7 43. Ke4 g5 44. Kd5 g4 45. Kxc5 h5 46. Kd6
h4 47. c5 g3 48. c6+ 1-0

[Event "Wijk aan Zee II"]
[Site "Wijk aan Zee II"]
[Date "1998.??.??"]
[Round "11"]
[White "Blees, Albert"]
[Black "Van den Doel, Erik"]
[Result "1-0"]
[WhiteElo "2445"]
[BlackElo "2485"]
[PlyCount "143"]

1. d4 Nf6 2. c4 g6 3. Nf3 Bg7 4. g3 c5 5. d5 b5 6. cxb5 d6 7. Nc3 a6 8. bxa6
O-O 9. Bg2 Bxa6 10. O-O Nbd7 11. h3 Nb6 12. Re1 Qc7 13. e4 Nfd7 14. Qc2 Nc4 15.
Nd2 Nce5 16. Bf1 c4 17. Rd1 Rfb8 18. a4 Nc5 19. Ra3 Ncd3 20. Nb5 Qb6 21. Nxc4
Nxc4 22. Raxd3 Bxb5 23. axb5 Qxb5 24. Rd4 Bxd4 25. Rxd4 Ne5 26. Bxb5 Nf3+ 27.
Kf1 Nxd4 28. Qc4 Nxb5 29. Bh6 Ra7 30. Kg2 Rc7 31. Qb3 Rcc8 32. Qa4 f6 33. g4
Kf7 34. g5 Rc5 35. h4 f5 36. h5 fxe4 37. Qxe4 Nc7 38. Qf4+ Kg8 39. Qd4 e5 40.
dxe6 Nxe6 41. Qf6 Re5 42. hxg6 Rb7 43. b4 hxg6 44. Qxg6+ Rg7 45. Qe8+ Kh7 46.
Qc6 Rf7 47. Qxd6 Nf4+ 48. Kf1 Re6 49. Qd4 Kg6 50. b5 Ree7 51. b6 Rd7 52. Qe4+
Kh5 53. Qf3+ Kg6 54. Kg1 Rd3 55. Qc6+ Kh5 56. Qe8 Rdd7 57. Kh2 Rde7 58. Qc8 Ng6
59. Kg3 Nf4 60. Bf8 Re1 61. Bc5 Rg1+ 62. Kh2 Rg2+ 63. Kh1 Kxg5 64. Qg8+ Kf6 65.
Bd4+ Ke6 66. Qe8+ Re7 67. Qc6+ Kf7 68. Qf6+ Ke8 69. Qxf4 Rg6 70. Qh4 Re1+ 71.
Kh2 Rgg1 72. Qh5+ 1-0

[Event "Wijk aan Zee II"]
[Site "Wijk aan Zee II"]
[Date "1998.??.??"]
[Round "11"]
[White "Cherniaev, Alexander"]
[Black "Van der Wiel, John"]
[Result "0-1"]
[WhiteElo "2465"]
[BlackElo "2525"]
[PlyCount "62"]

1. e4 d6 2. d4 Nf6 3. Nc3 g6 4. g3 Bg7 5. Bg2 O-O 6. Nge2 e5 7. h3 a6 8. a4 b6
9. O-O exd4 10. e5 dxe5 11. Bxa8 c6 12. Kh2 Qc7 13. Nb1 Qa7 14. Na3 Qxa8 15.
Nc4 Nfd7 16. f4 c5 17. fxe5 Nxe5 18. Nxe5 Bxe5 19. Bf4 Nd7 20. Qd2 Qd5 21. Bh6
Re8 22. Rae1 Nf6 23. Nf4 Qd7 24. Bg5 Nd5 25. Nxd5 Qxh3+ 26. Kg1 Qxg3+ 27. Qg2
Qxg2+ 28. Kxg2 Bb7 29. Bf6 Bxd5+ 30. Kg1 Bc4 31. Rf2 Bh2+ 0-1

[Event "Wijk aan Zee II"]
[Site "Wijk aan Zee II"]
[Date "1998.??.??"]
[Round "11"]
[White "Kuijf, Marinus"]
[Black "Shaked, Tal"]
[Result "1-0"]
[WhiteElo "2460"]
[BlackElo "2535"]
[PlyCount "45"]

1. e4 c5 2. Ne2 e6 3. Nbc3 a6 4. g3 b5 5. Bg2 Bb7 6. O-O b4 7. Na4 Nf6 8. d3 d6
9. a3 a5 10. c3 Nc6 11. d4 cxd4 12. cxd4 d5 13. exd5 Nxd5 14. Nf4 Nce7 15. Nc5
Bc6 16. Nfxe6 fxe6 17. Qh5+ g6 18. Qe5 Rg8 19. Bg5 h6 20. Bxe7 Nxe7 21. Bxc6+
Nxc6 22. Qxe6+ Ne7 23. Ne4 1-0